书目信息 |
| 题名: |
历史研究
|
|
| 作者: | 汤因比 著 ;萨默维尔 , 郭小凌 编 | |
| 分册: | 下 | |
| 出版信息: | 上海 上海人民出版社 2010 |
|
| 页数: | 2册(589-955页) | |
| 开本: | 23cm | |
| 丛书名: | 世纪人文系列丛书 | |
| 单 册: | ||
| 中图分类: | K01 | |
| 科图分类: | ||
| 主题词: | 历史哲学--li shi zhe xue--研究 | |
| 电子资源: | ||
| ISBN: | 978-7-208-08858-0 | |
| 000 | 01222nam0 22003131 450 | |
| 001 | 387909 | |
| 005 | 20170503084129.88 | |
| 010 | @a978-7-208-08858-0@dCNY49.00(全2册98.00) | |
| 100 | @a20100316d2010 em y0chiy50 ea | |
| 101 | 1 | @achi@ceng |
| 102 | @aCN@b310000 | |
| 105 | @ay z 000yy | |
| 106 | @ar | |
| 200 | 1 | @a历史研究@9li shi yan jiu@dA study of history@h下@f(英)阿诺德·汤因比(Arnold J. Toynbee)著@g(英)D·C·萨默维尔(Dorothea Grace Somervell)编@g郭小凌[等]译@zeng |
| 210 | @a上海@c上海人民出版社@d2010 | |
| 215 | @a2册(589-955页)@d23cm | |
| 225 | 2 | @a世纪人文系列丛书@9shi ji ren wen xi lie cong shu@i世纪文库 |
| 312 | @a英文原名:A study of history | |
| 330 | @a作者研究了文明为什么会死亡?希腊文明的命运是否就是现代西方文明的命运?的问题。 | |
| 461 | 0 | @12001 @a世纪人文系列丛书 |
| 500 | 10 | @a历史研究 |
| 510 | 1 | @aA study of history@zeng |
| 606 | 0 | @a历史哲学@9li shi zhe xue@x研究 |
| 690 | @aK01@v4 | |
| 701 | 0 | @c(英)@a汤因比@9tang yin bi@c(Toynbee, Arnold Joseph@f1889~1975)@4著 |
| 702 | 0 | @c(英)@a萨默维尔@9sa mo wei er@c(Somervell, Dorothea Grace)@4编 |
| 702 | 0 | @a郭小凌@9guo xiao ling@f(1950.11~)@4译 |
| 801 | 0 | @aCN@b百万庄@c20170308 |
| 905 | @b1004694-9@dK01@e111:2@f6 | |
| 历史研究=A study of history.下/(英)阿诺德·汤因比(Arnold J. Toynbee)著/(英)D·C·萨默维尔(Dorothea Grace Somervell)编/郭小凌[等]译.-上海:上海人民出版社,2010 |
| 2册(589-955页);23cm.-(世纪人文系列丛书.世纪文库) |
| ISBN 978-7-208-08858-0:CNY49.00(全2册98.00) |
| 作者研究了文明为什么会死亡?希腊文明的命运是否就是现代西方文明的命运?的问题。 |
| ● |
| 相关链接 |
|
|
|
|
正题名:历史研究
索取号:K01/111:2
 
预约/预借
| 序号 | 登录号 | 条形码 | 馆藏地/架位号 | 状态 | 备注 |
| 1 | 1004694 | 210046948 | 第二样本阅览室/ [索取号:K01/111:2] | 在馆 | |
| 2 | 1004695 | 210046957 | 教育系资料室/ [索取号:K01/111:2] | 在馆 | |
| 3 | 1004696 | 210046966 | 教育系资料室/ [索取号:K01/111:2] | 在馆 | |
| 4 | 1004697 | 210046975 | 教育系资料室/ [索取号:K01/111:2] | 在馆 | |
| 5 | 1004698 | 210046984 | 第二借阅区/ [索取号:K01/111:2] | 在馆 | |
| 6 | 1004699 | 210046993 | 第二借阅区/ [索取号:K01/111:2] | 在馆 |